Statistics for Serbian Brands

Click here to take the quiz!

General Stats

  • This quiz has been taken 78 times
  • The average score is 14 of 16

Answer Stats

Answer% Correct
Bambi
100%
Jelen
99%
Lav
99%
Pink
96%
Pošta
96%
Zlatiborac
93%
Aqua Viva
92%
Maxi
92%
Mts
90%
Rts
90%
Idea
89%
Plazma
89%
Imlek
88%
Prva
86%
Rosa
79%
Happy
70%

Score Distribution

Percentile by Number Answered

Percent of People with Each Score

Your Score History

You have not taken this quiz